[Event "Chigorin Mem"]
[Site "St Petersburg RUS"]
[Date "2000.11.01"]
[Round "2"]
[White "Yuferov,S"]
[Black "Maiorov,N"]
[Result "1-0"]
[WhiteElo "2436"]
[BlackElo "2211"]

1.d4 Nf6 2.c4 g6 3.Nc3 Bg7 4.e4 d6 5.Nf3 O-O 6.Be2 e5 7.O-O Nbd7 8.Re1 c6
9.Bf1 Re8 10.d5 c5 11.a3 Re7 12.Bg5 h6 13.Bd2 Ne8 14.g3 f5 15.Nh4 Nf8 16.exf5 gxf5
17.Qc2 Rf7 18.Be2 Qd7 19.Bh5 Re7 20.f4 Nf6 21.Bg6 exf4 22.Bxf5 Rxe1+ 23.Rxe1 Qf7
24.Bxf4 Ng4 25.Bxc8 Bd4+ 26.Kg2 Rxc8 27.Qe2 Qd7 28.h3 Nf2 29.g4 h5 30.Bg3 Qf7
31.Nf5  1-0

[Event "34th Olympiad"]
[Site "Istanbul TUR"]
[Date "2000.11.02"]
[Round "6"]
[White "Sasikiran,K"]
[Black "Kozul,Z"]
[Result "1/2-1/2"]
[WhiteElo "2573"]
[BlackElo "2611"]

1.d4 Nf6 2.c4 g6 3.Nc3 Bg7 4.e4 d6 5.Nf3 O-O 6.Be2 e5 7.Be3 c6 8.d5 Ng4 9.Bg5 f6
10.Bh4 h5 11.Nd2 Nh6 12.f3 c5 13.Rb1 Nf7 14.a3 Bh6 15.b4 Nd7 16.O-O b6 17.Bd3 Kg7
18.Qe2 Rh8 19.Nd1 Nf8 20.Ne3 Bd7 21.Bc2 Qc8 22.bxc5 bxc5 23.Qd3 f5 24.exf5 gxf5
25.Be1 Bxe3+ 26.Qxe3 f4 27.Qc3 h4 28.Ne4 Ng6 29.Bd2 Bf5 30.Rb2 Rh7 31.Rfb1 Bxe4
32.Bxe4  1/2-1/2

[Event "34th Olympiad"]
[Site "Istanbul TUR"]
[Date "2000.11.02"]
[Round "6"]
[White "Vera,R"]
[Black "McNab,C"]
[Result "0-1"]
[WhiteElo "2584"]
[BlackElo "2416"]

1.d4 d6 2.Nf3 g6 3.c4 Nd7 4.Nc3 e5 5.e4 Bg7 6.Be2 Ngf6 7.O-O O-O 8.Be3 Re8
9.Qc2 exd4 10.Nxd4 c6 11.Rad1 a5 12.Rfe1 a4 13.Bf4 Nc5 14.Bf3 Ng4 15.Bxg4 Bxg4
16.f3 Be6 17.Nxe6 Rxe6 18.Kh1 Qa5 19.Bxd6 a3 20.e5 axb2 21.Qxb2 Rae8 22.f4 f6
23.Bxc5 Qxc5 24.Qxb7 fxe5 25.Rd7 Qf8 26.h3 exf4 27.Rxe6 Rxe6 28.Rxg7+ Qxg7
29.Qc8+ Kf7 30.Qc7+ Re7 31.Qxf4+ Qf6 32.Qg3 Qf1+ 33.Kh2 Qxc4 34.a4 Qe6  0-1

[Event "34th Olympiad"]
[Site "Istanbul TUR"]
[Date "2000.11.02"]
[Round "6"]
[White "Hoelzl,F"]
[Black "Wynn Zaw Htun"]
[Result "1-0"]
[WhiteElo "2394"]
[BlackElo "2424"]

1.d4 Nf6 2.Nf3 d6 3.c4 g6 4.Nc3 Bg7 5.e4 O-O 6.Be2 e5 7.O-O Nbd7 8.Re1 c6
9.d5 Nc5 10.Bf1 a5 11.Bg5 h6 12.Bh4 g5 13.Bg3 cxd5 14.cxd5 Bg4 15.Rc1 Qb6
16.Qc2 Bxf3 17.gxf3 Nfd7 18.Nd1 Rfc8 19.Ne3 Qd8 20.Nf5 Bf8 21.Qd2 a4 22.h4 Qa5
23.Qe3 Qd8 24.Bh3 Na6 25.hxg5 hxg5 26.Kg2 Nb4 27.Qd2 Rxc1 28.Rxc1 Na6 29.Bg4 Bg7
30.Nxg7 Kxg7 31.Bxd7  1-0

[Event "34th Olympiad"]
[Site "Istanbul TUR"]
[Date "2000.11.02"]
[Round "6"]
[White "Yermolinsky,A"]
[Black "Kempinski,R"]
[Result "1/2-1/2"]
[WhiteElo "2596"]
[BlackElo "2522"]

1.d4 Nf6 2.c4 g6 3.Nc3 Bg7 4.e4 d6 5.Nf3 O-O 6.Be2 e5 7.O-O Na6 8.Re1 c6
9.Rb1 exd4 10.Nxd4 Re8 11.Bf1 Ng4 12.h3 Qb6 13.hxg4 Qxd4 14.Qxd4 Bxd4 15.Rd1 Be5
16.g5 Nc5 17.f3 a6 18.Ne2 Be6 19.b3 a5 20.Nd4 Bc8 21.Be3 Na6 22.Ne2 Nb4 23.Rd2 Be6
24.Nd4 Bc8 25.Rbd1 Na6 26.Ne2 a4 27.f4 Bg7 28.Rxd6 Bg4 29.e5 Bf8 30.R1d2 axb3
31.axb3 Nc5 32.b4 Ne4 33.Rb2 Ra3 34.Bb6 Bxe2 35.Bxe2 Nc3 36.Rd8 Rxd8 37.Bxd8 Nxe2+
38.Rxe2 Bxb4 39.Rb2 Bc5+ 40.Kh2 Ra8 41.Bf6 b6 42.g4 Rb8 43.f5 b5 44.cxb5 cxb5
45.Kg3 b4 46.Rb3 Kf8 47.Kf4 Ke8 48.e6 fxe6 49.fxe6 Rb6 50.Ke5 Kf8 51.Rd3 Rb8
52.Rb3  1/2-1/2

[Event "34th Olympiad"]
[Site "Istanbul TUR"]
[Date "2000.11.02"]
[Round "6"]
[White "Williams,Lei"]
[Black "David,Alb"]
[Result "1/2-1/2"]
[WhiteElo "2317"]
[BlackElo "2487"]

1.d4 Nf6 2.c4 g6 3.Nc3 Bg7 4.e4 d6 5.Be2 O-O 6.Nf3 e5 7.d5 a5 8.Bg5 h6 9.Bh4 Na6
10.Nd2 Qe8 11.O-O Nh7 12.a3 Bd7 13.Kh1 h5 14.f3 Bh6 15.Nb5 Qb8 16.b3 Be3
17.Rb1 Bc5 18.Bf2 Bxf2 19.Rxf2 c6 20.Nc3 Qa7 21.Rf1 Nf6 22.Qc2 Qe3 23.Rbe1 Qg5
24.Ndb1 h4 25.Qd2 Qxd2 26.Nxd2 Nh5 27.Na4 Rad8 28.Nb6 Be8 29.Rb1 Kg7 30.b4 axb4
31.axb4 Nf4 32.Rfe1 h3 33.g3 Nxe2 34.Rxe2 cxd5 35.exd5 Bd7 36.Ne4 Bf5 37.Kg1 Bxe4
38.Rxe4 f5 39.Re2 Rf7 40.Kf2 Rc7 41.f4 e4 42.Ke3 Kf6 43.Kd4 Rg8 44.Rc2 g5
45.fxg5+ Rxg5 46.Rf2 Re7 47.Ke3 Ke5 48.Rd2 Reg7 49.c5 dxc5 50.d6 Rg8 51.Nd7+ Ke6
52.Nxc5+ Nxc5 53.bxc5 R5g7 54.Rb6 Rd7 55.Rdb2 Rgg7 56.R6b5 Rh7 57.Ra5 Rh8
58.Ra7 Rc8 59.Kd4 b6 60.Rxd7 bxc5+ 61.Kc4 Kxd7 62.Kd5 e3 63.Rb7+ Kd8 64.Re7 c4
65.Rxe3 c3 66.Re1 c2 67.Rc1 Kd7 68.Kd4 Kxd6 69.Kd3 Kd5 70.Rxc2 Rxc2 71.Kxc2 Ke4
72.Kd2 Kf3 73.Ke1 f4  1/2-1/2

[Event "34th Olympiad Women"]
[Site "Istanbul TUR"]
[Date "2000.11.02"]
[Round "6"]
[White "Misanovic,V"]
[Black "Reizniece,D"]
[Result "1/2-1/2"]
[WhiteElo "2384"]
[BlackElo "2275"]

1.d4 Nf6 2.c4 g6 3.Nc3 Bg7 4.e4 d6 5.Nf3 O-O 6.Be2 e5 7.d5 a5 8.h3 Na6 9.Bg5 Qe8
10.Nd2 Nd7 11.g4 Ndc5 12.Nb3 a4 13.Nxc5 Nxc5 14.Rg1 Kh8 15.Qd2 f5 16.exf5 gxf5
17.Bh6 Bxh6 18.Qxh6 fxg4 19.hxg4 Qf7 20.f3 Qf4 21.Qxf4 Rxf4 22.Kd2 Bd7 23.Ke3 Raf8
24.Rab1 Be8 25.b4 axb3 26.axb3 Bg6 27.Rb2 e4 28.fxe4 Nxe4 29.Nb5 Ng5 30.Nc3 Rf3+
31.Kd2 Re8 32.Rg2 Rf4 33.Kc1 Re3 34.Nd1 Rh3 35.Nf2 Rc3+ 36.Kd1 Rd4+ 37.Ke1 Rc1+
38.Bd1 Ra1 39.Ke2 Rf4 40.Bc2 Bxc2 41.Rxc2 Rb1 42.Rg3 Rxf2+ 43.Kxf2 Ne4+ 44.Kg2 Nxg3
45.Kxg3 Rxb3+ 46.Kf4 Kg7 47.Re2 Kf7 48.Kg5 Rc3 49.Re4 Rc1 50.Kf5 h6 51.Rf4 Re1
52.Rf2 Re5+ 53.Kf4 Kg6 54.Rb2 b6 55.Ra2 b5 56.Ra7 bxc4 57.Rxc7 Rxd5 58.Rxc4 Re5
59.Rc8 Re6 60.Rg8+ Kf7 61.Rh8 Kg7 62.Rd8 Kf6  1/2-1/2

[Event "34th Olympiad Women"]
[Site "Istanbul TUR"]
[Date "2000.11.02"]
[Round "6"]
[White "Caoili,A"]
[Black "Grosar,K"]
[Result "1-0"]
[WhiteElo "2113"]
[BlackElo "2223"]

1.Nf3 Nf6 2.c4 g6 3.Nc3 Bg7 4.e4 d6 5.d4 O-O 6.Be2 e5 7.Be3 Qe7 8.dxe5 dxe5
9.Nd5 Nxd5 10.cxd5 Bg4 11.Qb3 c6 12.Rc1 Bxf3 13.Bxf3 Rd8 14.Bc5 Qd7 15.O-O b6
16.Be3 c5 17.Qc4 Qd6 18.a3 Nd7 19.b4 cxb4 20.axb4 Bf8 21.Bd2 Nf6 22.Qa6 Qd7
23.Rc6 Ne8 24.Rfc1 Nd6 25.Rc7 Qb5 26.Qa1 Qd3 27.Bg5 Re8 28.h3 Nb5 29.Qa6 Bxb4
30.Rd1 Qxd1+ 31.Bxd1 Nxc7 32.Qc4 Bc5 33.Bb3 Rf8 34.Bf6 Bd6 35.Qc6 Rfd8 36.Bxd8 Rxd8
37.Qb7 Ra8 38.Qc6 Rd8 39.Qb7 Ra8 40.Ba4 Kf8 41.g3 Ke7 42.Qc6 Rd8 43.Qc1 b5
44.Bd1 a5 45.Qg5+ Ke8 46.f4 exf4 47.gxf4 a4 48.Kh1 a3 49.Bb3 Be7 50.Qe5 Rd6
51.Qc3 Kd7 52.Qd4 Ra6 53.Ba2 Ra4 54.Qd3 Bc5 55.Qc2 Na6 56.e5 Rxf4 57.Qe2 Nc7
58.e6+ fxe6 59.dxe6+ Ke7 60.Qg2 Rf5 61.Qc6 Na6 62.Qb7+ Kf6 63.e7 Bxe7 64.Qxa6+ Kg5
65.Qb7 Bd6 66.Qxh7 Rf2 67.h4+ Kg4 68.Qxg6+ Kxh4 69.Qh6+ Kg4 70.Qxd6  1-0

[Event "Chigorin Mem"]
[Site "St Petersburg RUS"]
[Date "2000.11.02"]
[Round "3"]
[White "Grunina,N"]
[Black "Nikolaev,N"]
[Result "0-1"]
[WhiteElo "2037"]
[BlackElo "2312"]

1.d4 Nf6 2.c4 g6 3.Nc3 Bg7 4.e4 d6 5.Nf3 O-O 6.Be2 e5 7.O-O Na6 8.Re1 Qe8
9.Bf1 Bg4 10.Be3 Nd7 11.d5 Nb4 12.Qb3 a5 13.Nd2 Nc5 14.Bxc5 dxc5 15.Nd1 Bd7
16.Qc3 b6 17.a3 Na6 18.Bd3 Qe7 19.Qc2 Rae8 20.Ne3 Bc8 21.Reb1 h5 22.Qd1 Nb8
23.b4 axb4 24.axb4 cxb4 25.Qa4 Na6 26.Be2 Bh6 27.Nef1 Bg5 28.Qb5 Nc5 29.Ra7 Qd6
30.Qxb4 h4 31.Qc3 Bd7 32.Qc2 f5 33.Bf3 Re7 34.Ra2 Ref7 35.Rbb2 h3 36.Ng3 hxg2
37.Bxg2 Bxd2 38.Qxd2 f4 39.Nf1 f3 40.Bh1 Nxe4 41.Qe3 Rf4 42.Ng3 Nxg3 43.fxg3 Rxc4
44.Bxf3 Bh3 45.Rc2 Rxc2 46.Rxc2 Qf6 47.Qh6 e4 48.Qxh3 Qd4+ 49.Rf2 exf3 50.Qe6+ Kg7
51.h4 Rf7 52.Qc6 Re7 53.Qc1 Qxd5 54.Qc3+ Kh7 55.Rxf3 c5 56.Rd3 Qe5 57.Qxe5 Rxe5
58.Kf2 Kg7 59.Kf3 Kf6 60.Rd6+ Re6 61.Rd8 Rc6 62.Ke4 c4 63.Rd2 c3 64.Rc2 b5
65.Kd5 Rc8 66.Rf2+ Kg7 67.Rc2 Rc4 68.g4 Rxg4 69.Rxc3 Rxh4 70.Ke5 b4 71.Rg3 Rh8
72.Ke6 Rb8 73.Rb3 Kh6 74.Kf6 Rb6+ 75.Ke5 Kh5 76.Kf4 g5+ 77.Kg3 Rb8 78.Kh3 g4+
79.Kg3 Kg5 80.Kg2 Kf4 81.Kf2 Ke4 82.Ke2 Rb7 83.Kd2 Kf4 84.Ke2 Re7+ 85.Kf2 Re4
86.Kg2 Ke5 87.Rd3 Rd4 88.Re3+ Kd5 89.Re8 Kc4 90.Rc8+ Kd3 91.Rb8 Kc3  0-1

[Event "Chigorin Mem"]
[Site "St Petersburg RUS"]
[Date "2000.11.02"]
[Round "3"]
[White "Dobrov,V"]
[Black "Kokarev,D"]
[Result "0-1"]
[WhiteElo "2339"]
[BlackElo "2467"]

1.d4 Nf6 2.c4 g6 3.Nc3 Bg7 4.e4 d6 5.Be2 O-O 6.Nf3 e5 7.O-O exd4 8.Nxd4 Re8
9.f3 c6 10.Kh1 Nbd7 11.Bg5 h6 12.Bh4 Ne5 13.Qd2 Nxe4 14.Nxe4 Qxh4 15.Nxd6 Rd8
16.c5 Nd7 17.Nxf7 Rf8 18.Nd6 Qxd4 19.Qxd4 Bxd4 20.Nxc8 Nxc5 21.Nd6 Rad8 22.Nc4 b5
23.Na5 Bxb2 24.Nxc6 Rde8 25.Rae1 a6 26.Bd1 Bc3 27.Rxe8 Rxe8 28.f4 Kg7 29.Bg4 a5
30.h4 a4 31.Rb1 h5 32.Bf3 Re1+ 33.Rxe1 Bxe1 34.a3 Bxh4 35.Nd4 b4 36.axb4 Nd3
37.Nc2 Ne1 38.Nxe1 Bxe1 39.b5 a3 40.Bd5 Bg3 41.Kg1 Bxf4 42.Kf2 Kf6 43.g3 Bc7
44.Ba2 g5 45.Kf3 g4+ 46.Kf2 Ke7 47.Bg8 Kd6 48.Ke3 Kc5 49.Ke4 Bxg3 50.Kf5 Bc7  0-1

[Event "34th Olympiad"]
[Site "Istanbul TUR"]
[Date "2000.11.04"]
[Round "7"]
[White "Olsen,H"]
[Black "Geenen,M"]
[Result "1/2-1/2"]
[WhiteElo "2313"]
[BlackElo "2346"]

1.d4 Nf6 2.c4 g6 3.Nc3 Bg7 4.e4 d6 5.Nf3 O-O 6.Be2 e5 7.d5 Na6 8.Bg5 h6 9.Bh4 g5
10.Bg3 Nh5 11.Nd2 Nf4 12.O-O Nc5 13.Nb3 b6 14.Nxc5 Nxe2+ 15.Qxe2 bxc5 16.f3 f5
17.exf5 Bxf5 18.Ne4 h5 19.Be1 g4 20.Bd2 Qd7 21.Qe3 Bg6 22.Rf2 Bh7  1/2-1/2

[Event "34th Olympiad"]
[Site "Istanbul TUR"]
[Date "2000.11.04"]
[Round "7"]
[White "Mitkov,M"]
[Black "Braga,C"]
[Result "0-1"]
[WhiteElo "2402"]
[BlackElo "2426"]

1.d4 Nf6 2.Nf3 g6 3.c4 Bg7 4.Nc3 d6 5.e4 O-O 6.Be2 e5 7.O-O Nh5 8.Be3 Nf4
9.Re1 Nxe2+ 10.Qxe2 Nc6 11.d5 Ne7 12.Nd2 f5 13.f3 f4 14.Bf2 g5 15.c5 Ng6
16.Rac1 Rf7 17.cxd6 cxd6 18.Nb5 g4 19.fxg4 f3 20.gxf3 h5 21.Nc4 Nf4 22.Qc2 Nh3+
23.Kg2 Bxg4 24.Nbxd6 Rxf3 25.Bg3 h4 26.Nxe5 Bxe5 27.Bxe5 Qg5 28.Nf5 Rf2+
29.Qxf2 Bxf5+ 30.Bg3 Nxf2 31.exf5 hxg3  0-1

[Event "Chigorin Mem"]
[Site "St Petersburg RUS"]
[Date "2000.11.04"]
[Round "4"]
[White "Praslov,A"]
[Black "Chuprov,D"]
[Result "1/2-1/2"]
[WhiteElo "2375"]
[BlackElo "2424"]

1.d4 Nf6 2.c4 g6 3.Nc3 Bg7 4.e4 d6 5.Nf3 O-O 6.Be2 Na6 7.O-O e5 8.Re1 Qe8
9.Bf1 Bg4 10.d5 Nb4 11.Be2 a5 12.Be3 b6 13.h3 Bd7 14.Nh2 Kh8 15.g4 Na6 16.Nf1 Ng8
17.Qd2 f5 18.gxf5 gxf5 19.exf5 Bxf5 20.Ng3 Bxh3 21.Nce4 h6 22.Kh2 Qd7 23.Rg1 Rf7
24.Nh5 Bf5 25.Nxg7 Rxg7 26.Rxg7 Qxg7 27.Ng3 Bd7 28.Rh1 Rf8 29.Nh5 Qh7 30.Rg1 Nc5
31.Rg7 Qe4 32.Bxc5 bxc5 33.Bd3 Qh4+ 34.Kg1 Bf5 35.Bxf5 Rxf5 36.Ng3 Rg5 37.Rxc7 Qxc4
38.Rd7 Qg4 39.Rxd6 h5 40.Rb6 h4 41.Rb3 Qf4 42.Qxf4 exf4 43.d6 fxg3 44.Rd3 gxf2+
45.Kxf2 Rf5+ 46.Kg2 Rf8 47.Rd5 Nf6 48.Rxc5 Ra8 49.Rc7 Ne8 50.Rc6 Nf6 51.Kh3 Kg7
52.Kxh4 Kf7 53.Kg5 Nd7 54.Kf5 Rb8 55.b3 Rb5+ 56.Ke4 Ke6 57.Kd4 Rd5+ 58.Kc3 Rxd6
59.Rc4 Ra6 60.Rh4 Kd5 61.Rh5+ Ne5 62.Kb2 Rg6 63.Ka3 Rg4 64.b4 axb4+ 65.Kb3 Re4
66.a3 bxa3 67.Kxa3 Kc4 68.Rh8 Nd3 69.Rc8+ Nc5 70.Kb2 Re2+ 71.Kc1 Kd4 72.Kd1 Ra2
73.Rd8+ Ke3 74.Re8+ Ne4 75.Kc1 Re2 76.Kd1 Rh2 77.Kc1 Rg2 78.Kd1 Rg6 79.Kc2 Rc6+
80.Kb3 Kd4 81.Rd8+ Nd6 82.Rd7 Kd5 83.Rd8 Rc7 84.Kb2 Kc5 85.Kc3 Rg7 86.Kd3 Rg3+
87.Ke2 Kd5 88.Kf2 Rd3 89.Ke2 Ke4 90.Rd7 Re3+ 91.Kf2 Nf5 92.Rd8 Rf3+ 93.Ke2 Rh3
94.Re8+ Kf4 95.Kd2 Nd6 96.Re6 Ne4+ 97.Kc2 Ke3 98.Re8 Rh7 99.Kb3 Rd7 100.Kc4 Rc7+
101.Kb4 Rc6 102.Kb5 Rd6 103.Kc4 Rd7 104.Rh8 Rc7+ 105.Kb4 Nc3 106.Re8+ Kd4
107.Rd8+ Nd5+ 108.Kb3 Rc5 109.Rh8 Rb5+ 110.Kc2 Ne3+ 111.Kd2 Rb2+ 112.Ke1 Ng2+
113.Kf1 Ke3 114.Re8+ Kf3 115.Rf8+ Nf4 116.Ke1  1/2-1/2

[Event "Chigorin Mem"]
[Site "St Petersburg RUS"]
[Date "2000.11.05"]
[Round "5"]
[White "Lugovoi,A"]
[Black "Kurnosov,I"]
[Result "1-0"]
[WhiteElo "2534"]
[BlackElo "2374"]

1.d4 Nf6 2.c4 g6 3.Nc3 Bg7 4.e4 d6 5.Nf3 O-O 6.Be2 e5 7.d5 a5 8.Bg5 h6 9.Bh4 Na6
10.O-O Qe8 11.Ne1 Nc5 12.f3 Nh5 13.Nb5 Qd7 14.Nd3 Nxd3 15.Bxd3 Nf4 16.Qd2 f5
17.Bc2 Bf6 18.Bf2 h5 19.Be3 Bg5 20.Kh1 h4 21.exf5 gxf5 22.g3 hxg3 23.hxg3 Nh5
24.Bxg5 Nxg3+ 25.Kg2 f4 26.Rh1 Nxh1 27.Rxh1 Qg7 28.Kf2 Qxg5 29.Rg1 Qxg1+
30.Kxg1 Rf7 31.Qh2 Rg7+ 32.Kf2 Bd7 33.Nxc7 Rc8 34.Qh4 Ba4 35.Bf5  1-0

[Event "Chigorin Mem"]
[Site "St Petersburg RUS"]
[Date "2000.11.05"]
[Round "5"]
[White "Fedorov,Alex"]
[Black "Shvedov,S"]
[Result "1/2-1/2"]
[WhiteElo "2646"]
[BlackElo "2363"]

1.d4 Nf6 2.c4 g6 3.Nc3 Bg7 4.e4 d6 5.Nf3 O-O 6.Be2 e5 7.Be3 exd4 8.Nxd4 Re8
9.f3 c6 10.Nc2 Be6 11.O-O Qe7 12.Qd2 Nbd7 13.Rfd1 Ne5 14.b3 Red8 15.Bg5 Qc7
16.Rac1 a6 17.h3 Qb6+ 18.Be3 c5 19.Bg5 Nc6 20.Ne3 Qa5 21.Ncd5 Qxd2 22.Rxd2 Bxd5
23.Nxd5 Nxd5 24.Bxd8 Bd4+ 25.Kh1 Rxd8 26.exd5 Be3 27.dxc6 Bxd2 28.Rd1 Bf4
29.cxb7 Rb8 30.Bd3 Rxb7 31.Re1 Kf8 32.Kg1  1/2-1/2

[Event "ch-POL Semi-Finals"]
[Site "Polanczyk POL"]
[Date "2000.11.06"]
[Round "3"]
[White "Markunas,G"]
[Black "Luksik,M"]
[Result "0-1"]
[WhiteElo "2074"]
[BlackElo "2159"]

1.c4 Nf6 2.Nc3 g6 3.e4 d6 4.d4 Bg7 5.Nf3 O-O 6.Be2 Nbd7 7.O-O e5 8.Re1 a6
9.a3 Rb8 10.Rb1 exd4 11.Nxd4 Re8 12.Bf1 Nc5 13.f3 Nh5 14.Be3 Qh4 15.g3 Nxg3
16.hxg3 Qxg3+ 17.Bg2 Bh3 18.Qe2 Be5 19.f4 Nd3 20.fxe5 Nxe1 21.Rxe1 Bxg2 22.Nf5 gxf5
23.Qxg2 Qxg2+ 24.Kxg2 Rxe5 25.Nd5 fxe4 26.Nf6+ Kg7 27.Nd7 Rbe8 28.Bd4 f6
29.Bxe5 fxe5 30.Rxe4 Rd8 31.Nxe5 dxe5 32.Rxe5 Rd2+ 33.Kf3 Kf6 34.Rh5 Kg6
35.Rc5 c6 36.b4 Rd3+ 37.Ke4 Rxa3 38.b5 axb5 39.cxb5 Ra5  0-1

[Event "Chigorin Mem"]
[Site "St Petersburg RUS"]
[Date "2000.11.06"]
[Round "6"]
[White "Simantsev,M"]
[Black "Chuprov,D"]
[Result "1/2-1/2"]
[WhiteElo "2403"]
[BlackElo "2424"]

1.d4 d6 2.Nf3 Nf6 3.c4 g6 4.Nc3 Bg7 5.e4 O-O 6.Be2 e5 7.O-O Nbd7 8.Re1 c6
9.Bf1 a5 10.Rb1 Qb6 11.c5 dxc5 12.Na4 Qa7 13.dxc5 Nxc5 14.Be3 Nfd7 15.Nd2 b6
16.Nxb6 Qxb6 17.Nb3 Re8 18.Qc2 Bf8 19.Rec1 Qb4 20.Nxc5 Nxc5 21.Bxc5 Bxc5
22.Qxc5 Be6 23.Qxb4 axb4 24.Rxc6 Bxa2 25.Rbc1 Red8 26.Bc4 Bxc4 27.R6xc4 Rab8
28.Kf1 Rd2 29.R1c2 Rd1+ 30.Ke2 Rg1 31.Kf3 Rb6 32.h4 Rb1 33.Ke2 Kg7 34.g3 h6
35.Rd2 f5 36.Rc7+ Kf6 37.Rh7 fxe4 38.h5 Kg5 39.hxg6 Kxg6 40.Re7 Kf5 41.Rf7+ Ke6
42.Rh7 Rh1 43.Rd1 Rh2 44.Rc7 b3 45.Rc4 Kf5 46.Rc5 Rf6 47.Rc3 Kg4 48.Rf1 Rf3
49.Rxf3 exf3+ 50.Ke3 Rh5 51.Rc1 Rf5 52.Rc3 e4 53.Rxb3 Rf6 54.Rb4 Kh3 55.Rxe4 Kg2
56.b4 Rb6 57.g4 Rb5 58.Rf4 Rb8 59.g5 h5 60.g6 Re8+ 61.Re4 Rg8 62.Rh4 Rxg6
63.Rxh5 Re6+ 64.Kd4 Kxf2 65.b5 Kg3 66.Rf5 f2 67.Kd5 Rh6 68.Rf8  1/2-1/2

[Event "Chigorin Mem"]
[Site "St Petersburg RUS"]
[Date "2000.11.06"]
[Round "6"]
[White "Ivanov,Se"]
[Black "Zhelnin,V"]
[Result "0-1"]
[WhiteElo "2574"]
[BlackElo "2462"]

1.d4 Nf6 2.c4 g6 3.Nc3 Bg7 4.e4 d6 5.Nf3 O-O 6.Be2 e5 7.O-O Nbd7 8.Be3 c6
9.d5 Qe7 10.b4 Rd8 11.Nd2 Nf8 12.a4 h5 13.f3 a5 14.dxc6 bxc6 15.b5 d5 16.Bb6 d4
17.Bxd8 Qxd8 18.Nb3 Ne6 19.Na2 Nf4 20.Nac1 h4 21.Re1 N6h5 22.Bf1 Qg5 23.Ra2 Nh3+
24.Kh1 Ng3+ 25.hxg3 Nf2+ 26.Rxf2 hxg3 27.Kg1 Qh4 28.Bd3 gxf2+ 29.Kf1 Bh6
30.Re2 Qh1+ 31.Kxf2 Qxd1 32.Re1 Qxe1+ 33.Kxe1 cxb5 34.axb5 a4 35.Nd2 a3 36.Na2 Be6
37.Ke2 Rc8 38.Nb3 Rxc4 39.b6 Rc8  0-1

[Event "Chigorin Mem"]
[Site "St Petersburg RUS"]
[Date "2000.11.06"]
[Round "6"]
[White "Korobov,A"]
[Black "Alekseev,E"]
[Result "1-0"]
[WhiteElo "2378"]
[BlackElo "2497"]

1.d4 Nf6 2.c4 g6 3.Nc3 Bg7 4.e4 d6 5.Nf3 O-O 6.Be2 Nbd7 7.O-O e5 8.d5 a5
9.Qc2 Nc5 10.Bg5 h6 11.Be3 b6 12.Nd2 Ng4 13.Bxg4 Bxg4 14.a3 Na6 15.Rab1 Bd7
16.b4 axb4 17.axb4 f5 18.f3 Qe7 19.Qb3 f4 20.Bf2 g5 21.c5 bxc5 22.bxc5 h5
23.Ra1 g4 24.Ne2 Rab8 25.Qc3 Bb5 26.Nc4 Qg5 27.Kh1 Nxc5 28.Bxc5 dxc5 29.Ra7 Rf7
30.Nc1 Rb6 31.Nd3 Rg6 32.Ra2 h4 33.fxg4 Qxg4 34.h3 Qh5 35.Rf3 Rg3 36.Raf2 Qh7
37.Nxc5 Qg6 38.Qb3 Bxc4 39.Qxc4 Qb6 40.Nd3 Bf6 41.Rb2 Qa7 42.Rbf2 Kh7 43.Rf1 Rfg7
44.Rxg3 Rxg3 45.Ne1 Re3 46.Qc6 Qb6 47.Qd7+ Kh6 48.Nf3 Rxe4 49.Rc1 Re2 50.Rc6 Qb1+
51.Ng1 Kg5 52.Qg4+  1-0

[Event "Chigorin Mem"]
[Site "St Petersburg RUS"]
[Date "2000.11.06"]
[Round "6"]
[White "Shalimov,V UKR"]
[Black "Melamed,T"]
[Result "1-0"]
[WhiteElo "2406"]
[BlackElo "2305"]

1.d4 Nf6 2.Nf3 g6 3.c4 Bg7 4.Nc3 O-O 5.e4 d6 6.Be2 Na6 7.O-O e5 8.Be3 Ng4
9.Bg5 Qe8 10.Re1 h6 11.Bh4 Nf6 12.Bf1 Bg4 13.d5 Nh7 14.h3 Bd7 15.Nd2 f5 16.f3 f4
17.b4 h5 18.Bf2 g5 19.c5 g4 20.Kh1 gxh3 21.gxh3 Ng5 22.Kh2 Qc8 23.h4 Nh3
24.Bxh3 Bxh3 25.Qb3 Kh7 26.Rg1 Bf6 27.Rae1 Bd7 28.c6 bxc6 29.dxc6 Be6 30.Nd5 Qd8
31.Nxf6+ Qxf6 32.Qc3 Rg8 33.a3 Raf8 34.Rxg8 Rxg8 35.Rg1 Rxg1 36.Kxg1 Bh3
37.Kh2 Bc8 38.Qc4 Nb8 39.b5 a6 40.a4 axb5 41.axb5 Be6 42.Qa4 Kh6 43.Qa7 Qd8
44.Qb7 d5 45.b6 dxe4 46.Nxe4 Qc8 47.bxc7 Na6 48.Qxc8 Bxc8 49.Nd6  1-0

[Event "34th Olympiad"]
[Site "Istanbul TUR"]
[Date "2000.11.08"]
[Round "11"]
[White "Magai,V"]
[Black "Iuldachev,S"]
[Result "1-0"]
[WhiteElo "2546"]
[BlackElo "2515"]

1.d4 Nf6 2.c4 g6 3.Nc3 Bg7 4.e4 d6 5.Nf3 O-O 6.Be2 e5 7.Be3 Ng4 8.Bg5 f6
9.Bh4 g5 10.Bg3 Nh6 11.d5 Na6 12.Nd2 f5 13.exf5 Nxf5 14.Nde4 b6 15.O-O Nc5
16.Bg4 Kh8 17.Rc1 Bd7 18.b4 Nxe4 19.Nxe4 a5 20.a3 axb4 21.axb4 Qe7 22.Re1 Ra4
23.Rb1 Ra2 24.Nc3 Ra3 25.Rc1 h6 26.c5 bxc5 27.bxc5 Ra5 28.Ne4 Ra4 29.cxd6 cxd6
30.Rc7 Rd4 31.Qb3 Qd8 32.Qb7 Nxg3 33.hxg3 Bxg4 34.Rxg7 Bf5 35.f3 Bxe4 36.Rxe4 Qf6
37.Re7 Rxe4 38.fxe4 Qg6 39.Re6 Qh5 40.Qb1 Rd8 41.Qf1 Kg8 42.g4 Qf7 43.Qf5 Qxf5
44.gxf5 Rb8 45.Rxh6 Rb4 46.Rxd6 Rxe4 47.Rg6+ Kf7 48.Rxg5 Kf6 49.Rh5 Rd4 50.Kf2 Rxd5
51.g4 Rd3 52.Rh6+ Kg5 53.Rg6+ Kf4 54.f6 e4 55.g5 Kf5 56.Rg7 Rf3+ 57.Ke1 Ke6
58.Ke2 Kf5 59.f7 Ke6 60.g6  1-0

[Event "Chigorin Mem"]
[Site "St Petersburg RUS"]
[Date "2000.11.08"]
[Round "7"]
[White "Ershova,S"]
[Black "Gaponenko,I"]
[Result "1-0"]
[WhiteElo "2264"]
[BlackElo "2375"]

1.d4 Nf6 2.c4 g6 3.Nc3 Bg7 4.e4 d6 5.Nf3 O-O 6.Be2 e5 7.O-O exd4 8.Nxd4 Re8
9.f3 c6 10.Nc2 a5 11.Be3 Qe7 12.Qd2 Nbd7 13.Rad1 Bf8 14.b3 Ne5 15.Rfe1 Nh5
16.Nd4 Ng7 17.Bg5 f6 18.Bh4 g5 19.Bf2 Ng6 20.Bf1 Qf7 21.Na4 Qc7 22.Qc2 g4
23.Nf5 Bxf5 24.exf5 Rxe1 25.Rxe1 Ne5 26.f4 Nd7 27.Bd3 Re8 28.Rxe8 Nxe8 29.Qe2 Ng7
30.Qxg4 b5 31.cxb5 cxb5 32.Bxb5 Qc1+ 33.Bf1 Qb1 34.Nc3 Qxf5 35.Bc4+ Kh8 36.Qxf5 Nxf5
37.Be6  1-0

[Event "34th Olympiad Women"]
[Site "Istanbul TUR"]
[Date "2000.11.09"]
[Round "12"]
[White "Mira,H"]
[Black "Ungure,L"]
[Result "1/2-1/2"]
[WhiteElo "2118"]
[BlackElo "2119"]

1.d4 Nf6 2.c4 g6 3.Nc3 Bg7 4.e4 d6 5.Be2 O-O 6.Nf3 e5 7.d5 a5 8.Bg5 h6 9.Bh4 Qe8
10.Nd2 Na6 11.O-O Nh7 12.f3 f5 13.a3 Bd7 14.b3 Nf6 15.Qb1 c5 16.dxc6 bxc6
17.b4 Rb8 18.b5 Nc5 19.a4 fxe4 20.Ndxe4 Ncxe4 21.fxe4 Nh7 22.Qd3 Rxf1+ 23.Rxf1 Qe6
24.bxc6 Bxc6 25.Nb5 Bf6 26.Be1 Bd8 27.Bd2 Bb6+ 28.Kh1 Nf6 29.Nc3 Kg7 30.Rb1 Rb7
31.Nd5 Bd8 32.Rxb7+ Bxb7 33.Qe3 Ng8 34.Qa7 Qf7 35.Bxa5 Bxa5 36.Qxa5 Qf2 37.Bd3 Bxd5
38.cxd5 Qd4 39.Qc7+ Kh8 40.Qc4 Qa1+ 41.Bf1 Nf6 42.Kg1 Qe1 43.Qc8+ Kg7 44.Qc7+ Kg8
45.Qxd6 Qe3+ 46.Kh1 Qf4 47.Qd8+ Kg7 48.Qc7+ Kh8 49.Bb5 Ng4 50.Qd8+  1/2-1/2

[Event "34th Olympiad"]
[Site "Istanbul TUR"]
[Date "2000.11.09"]
[Round "12"]
[White "Huzman,A"]
[Black "Badea,B"]
[Result "1/2-1/2"]
[WhiteElo "2574"]
[BlackElo "2480"]

1.d4 g6 2.c4 Bg7 3.e4 d6 4.Nc3 e5 5.Nf3 Nd7 6.Be2 Ngf6 7.O-O O-O 8.Be3 h6
9.dxe5 dxe5 10.Nd2 Nh7 11.c5 Ng5 12.c6 bxc6 13.Rc1 Ne6 14.Nb3 Qf6 15.Na4 Nb6
16.Na5 Rd8 17.Qc2 Nf4 18.Nc5 Qg5 19.Bf3 Bh3 20.Bxf4 exf4 21.e5 Bd7 22.Nxd7 Nxd7
23.Nxc6 Re8 24.e6 fxe6 25.Rfe1 Kh7 26.b4 Nb6 27.Qb3 Nd5 28.h3 h5 29.Red1 Qf6
30.Rc2 a6 31.Bxd5 exd5 32.Qxd5 Re6 33.Qf3 Rae8 34.Kh2 Re1 35.Rc4 Rxd1 36.Qxd1 Qe6
37.Rc2 Qe4 38.a3 Re6 39.f3 Qe1 40.Qxe1 Rxe1 41.h4  1/2-1/2

[Event "Chigorin Mem"]
[Site "St Petersburg RUS"]
[Date "2000.11.09"]
[Round "8"]
[White "Kachar,V"]
[Black "Kochyev,A"]
[Result "0-1"]
[WhiteElo "2304"]
[BlackElo "2422"]

1.d4 Nf6 2.c4 g6 3.Nc3 Bg7 4.e4 d6 5.Nf3 O-O 6.Be2 e5 7.O-O Na6 8.d5 Nc5
9.Qc2 a5 10.Ne1 b6 11.Bd2 Ne8 12.Nd3 f5 13.Nxc5 bxc5 14.f3 Qh4 15.Qc1 Qe7
16.Nd1 Nf6 17.Nf2 Bd7 18.b3 h5 19.Rb1 Kh7 20.Bd3 f4 21.Be2 Bh6 22.a3 g5 23.h3 Rg8
24.Qd1 Rg6 25.Be1 Kh8 26.Rb2 Qh7 27.Qb1 g4 28.fxg4 Rag8 29.Qd3 hxg4 30.Nxg4 Bg5
31.Nxf6 Bxf6 32.Bg4 Bxg4 33.hxg4 Rh6 34.Kf2 Rxg4 35.Rg1 Rg3 36.Qc2 Rhg6 37.Kf1 Rxg2
38.Rxg2 Qh1+ 39.Ke2 Rxg2+  0-1

[Event "Chigorin Mem"]
[Site "St Petersburg RUS"]
[Date "2000.11.10"]
[Round "9"]
[White "Ovod,E"]
[Black "Kokarev,D"]
[Result "1/2-1/2"]
[WhiteElo "2263"]
[BlackElo "2467"]

1.d4 Nf6 2.c4 g6 3.Nc3 Bg7 4.e4 d6 5.Nf3 O-O 6.Be2 e5 7.O-O exd4 8.Nxd4 Re8
9.f3 c6 10.Kh1 Nbd7 11.Bg5 Qb6 12.Nb3 a5 13.Rb1 a4 14.Na1 Nc5 15.Qxd6 Ne6
16.Bxf6 Bxf6 17.Nd5 Qd8 18.Nxf6+ Qxf6 19.Qd2 Nf4 20.g3 Nxe2 21.Qxe2 Rd8 22.Nc2 Be6
23.Ne3 Rd4 24.Rfd1 Rad8 25.Rxd4 Rxd4 26.Kg2 Qd8 27.Rd1 Rxd1 28.Nxd1 Bxc4
29.Qxc4 Qxd1 30.Qc3 Qd6 31.Kf2 b5 32.a3 c5 33.Ke3 Kf8 34.f4 f6 35.Qd3 Qxd3+
36.Kxd3 Ke7 37.Kc3 Kd6 38.Kd3 Kc7 39.Kc3 Kb6 40.Kd3 Kc6 41.Kc3 Kd7 42.Kd3 Ke6
43.Kc3 g5 44.Kd3 h5 45.h4 gxh4  1/2-1/2

[Event "Chigorin Mem"]
[Site "St Petersburg RUS"]
[Date "2000.11.10"]
[Round "9"]
[White "Pushkov,N"]
[Black "Shvedov,S"]
[Result "1-0"]
[WhiteElo "2546"]
[BlackElo "2363"]

1.d4 Nf6 2.c4 g6 3.Nc3 Bg7 4.e4 d6 5.Nf3 O-O 6.Be2 e5 7.O-O Na6 8.Be3 Qe8
9.dxe5 dxe5 10.Nd2 Nd7 11.a3 f5 12.f3 f4 13.Bf2 g5 14.b4 b6 15.c5 bxc5 16.b5 Nab8
17.Nb3 Nb6 18.Nd5 Rf7 19.Nxc5 Kh8 20.Rc1 a5 21.Nxb6 cxb6 22.Na4 Nd7 23.Qd5 Rb8
24.Rc7 Re7 25.Rfc1 Nf6 26.Qd6 Re6 27.Qd1 Bf8 28.Nxb6 Bb7 29.Qb3 Re7 30.h3 h5
31.Nd5 Nxd5 32.exd5 Rd7 33.Qd3 Bd6 34.Rxd7 Qxd7 35.Qg6 Bxa3 36.Qxh5+ Kg8
37.Rd1 Be7 38.Qg6+ Kf8 39.d6 Bd8 40.Bc5 a4 41.Bc4  1-0